Sahabat rimba

Bibliographic Details
Format: Book
Published: Kuala Lumpur : Edukid , 2014
Series:Siri sahabat haiwan
Subjects:

MARC

LEADER 00000cam a2200000 7i4500
001 0000053872
005 20220105104159.0
008 151027
020 |a 9789673641444 
090 0 0 |a JP   |b MAL 
245 0 0 |a Sahabat rimba 
260 |a Kuala Lumpur :   |b Edukid ,   |c 2014 
490 0 |a Siri sahabat haiwan 
500 |a Children age 4-6 years old (yellow) 
650 0 |a Children stories, Malay 
999 |a 0001354734   |b Book   |c Children Collection   |e Cawangan Taman Universiti 
999 |a 0001354735   |b Book   |c Children Collection   |e Cawangan Bandar Tenggara 
999 |a 0001354736   |b Book   |c Children Collection   |e Cawangan Taman Sri Lambak 
999 |a 0001354737   |b Book   |c Children Collection   |e Cawangan Tangkak 
999 |a 0001354738   |b Book   |c Children Collection   |e Cawangan Kota Tinggi 
999 |a 0001354739   |b Book   |c Children Collection   |e Cawangan Bandar Penawar 
999 |a 0001354741   |b Book   |c Children Collection   |e Cawangan Mersing 
999 |a 0001354742   |b Book   |c Children Collection   |e Cawangan Bukit Gambir 
999 |a 0001354743   |b Book   |c Children Collection   |e Cawangan Segamat 
999 |a 0001354744   |b Book   |c Children Collection   |e Cawangan Pontian 
999 |a 0001354745   |b Book   |c Children Collection   |e Cawangan Batu Pahat 
999 |a 0001354746   |b Book   |c Children Collection   |e Cawangan Sri Merlong 
999 |a 0001354747   |b Book   |c Children Collection   |e Cawangan Tmn. Ungku Tun Aminah 
999 |a 0001357535   |b Book   |c Children Collection   |e Cawangan AEON Kulaijaya 
999 |a 0001357536   |b Book   |c Children Collection   |e Cawangan Urban Transformation Centre 
999 |a 0001357537   |b Book   |c Children Collection   |e Perbadanan Perpustakaan Awam Johor